000 00188 a2200097 4500
020 _a9788434834071
041 _aspa
100 _aAlfredo Gomez Cerda
245 _aSin Mascara
942 _cBK
999 _c30708
_d30706